Minecraft Life Series Mob Deaths - Statistics

General Stats
  • This quiz has been taken 95 times
    8 since last reset
  • The average score is 6 of 21
Answer Stats
Deaths Answer % Correct
Bigbst4tz2, EthosLab, GeminiTay, GoodTimesWithScar, Grian, impulseSV, InTheLittleWood, LDShadowLady, PearlescentMoon, Skizzleman, Smajor1995, SmallishBeans, Solidarity, TangoTek, ZombieCleo Creeper
80%
Bigbst4tz2, EthosLab, Grian, impulseSV, InTheLittleWood, LDShadowLady, PearlescentMoon, Skizzleman, SmallishBeans, Solidarity, TangoTek, ZombieCleo Skeleton
80%
BdoubleO100, GoodTimesWithScar, Grian, InTheLittleWood, LDShadowLady, Rendog, Smajor1995, SmallishBeans, ZombieCleo Zombie
80%
GeminiTay, InTheLittleWood, LDShadowLady, Rendog, Skizzleman, SmallishBeans, Solidarity Enderman
40%
Grian, Mumbo Jumbo, Solidarity Warden
40%
BdoubleO100 (2 answers) Blaze | Phantom
20%
Smajor1995, Solidarity Drowned
20%
Skizzleman, Solidarity Ender Dragon
20%
Grian Husk
20%
GeminiTay, Skizzleman, Solidarity Iron Golem
20%
BdoubleO100, impulseSV Piglin
20%
GoodTimesWithScar, Grian, InTheLittleWood, Mumbo Jumbo, Smajor1995 Piglin Brute
20%
Grian, Smajor1995, Solidarity Pufferfish
20%
Solidarity Ravager
20%
GeminiTay Spider Jockey
20%
Rendog (2 answers) Spider | Zombie Villager
20%
GeminiTay, GoodTimesWithScar, Grian, LDShadowLady, Solidarity Vex
20%
Bigbst4tz2, SmallishBeans Vindicator
20%
InTheLittleWood Witch
20%
BdoubleO100, Grian Wither
20%
BdoubleO100, GoodTimesWithScar, SmallishBeans, TangoTek Wolf
20%
No matching quizzes found
Score Distribution
Percent of People with Each Score
Percentile by Number Answered
Your Score History
You have not taken this quiz since the last reset